Többet ésszel, mint munkaerővel Megnyert milliók /

Elmentve itt :
Bibliográfiai részletek
Szerző: Szávay István
Dokumentumtípus: Cikk
Megjelent: 1981-03-19
Sorozat:Délmagyarország 71 No. 66
Kulcsszavak:Kéziszerszámgyár
Online Access:http://dmarchiv.bibl.u-szeged.hu/107222
LEADER 00483nab a2200157 i 4500
001 delm107222
005 20190619125402.0
008 190619s1981 hu o 0|| hun d
040 |a SZTE Délmagyarország Archívum  |b hun 
041 |a hun 
100 1 |a Szávay István 
245 1 0 |a Többet ésszel, mint munkaerővel   |h [elektronikus dokumentum] :  |b Megnyert milliók /  |c  Szávay István 
260 |c 1981-03-19 
300 |a 1 
490 0 |a Délmagyarország  |v 71 No. 66 
695 |a Kéziszerszámgyár